[Event "23rd Alekhine Master 2019"]
[Site "Voronezh"]
[Date "2019.06.12"]
[Round "1.10"]
[White "Iljiushenok, Ilia"]
[Black "Shoboev, Dandar"]
[Result "1/2-1/2"]
[WhiteElo "2549"]
[BlackElo "2288"]
[Annotator "ChessBase"]
[PlyCount "104"]
[EventDate "2019.06.12"]
[EventType "swiss"]
[EventCountry "RUS"]
[SourceTitle "playchess.com"]
[Source "ChessBase"]
[SourceQuality "1"]
[TimeControl "40/5400+30:1800+30"]

1. c4 {[%emt 0:00:00]} e5 {[%emt 0:00:00]} 2. g3 {[%emt 0:00:08]} Nc6 {[%emt 0:00:00]} 3. Bg2 {[%emt 0:00:07]} Bc5 {[%emt 0:00:00]} 4. e3 {[%emt 0:03:11]} a6 {[%emt 0:00:00]} 5. Ne2 {[%emt 0:00:28]} d6 {[%emt 0:00:06]} 6. Nbc3 {[%emt 0:02:35]} Nf6 {[%emt 0:00:07]} 7. O-O {[%emt 0:00:54]} O-O {[%emt 0:00:05]} 8. a3 {[%emt 0:11:36]} Ba7 {[%emt 0:00:21]} 9. Qc2 {[%emt 0:10:19]} Re8 {[%emt 0:04:18]} 10. b4 {[%emt 0:02:01]} Ne7 {[%emt 0:00:51]} 11. d4 {[%emt 0:08:05]} exd4 {[%emt 0:01:15]} 12. Nxd4 {[%emt 0:00:16]} c6 {[%emt 0:06:17]} 13. h3 {[%emt 0:03:26]} Bxd4 {[%emt 0:30:00]} 14. exd4 {[%emt 0:00:05]} d5 {[%emt 0:00:04]} 15. Bg5 {[%emt 0:22:51]} Bf5 {[%emt 0:02:32]} 16. Qb3 {[%emt 0:00:33]} dxc4 {[%emt 0:01:57]} 17. Qxc4 {[%emt 0:00:04]} Be6 {[%emt 0:00:41]} 18. Qd3 {[%emt 0:00:17]} Ned5 {[%emt 0:00:56]} 19. Na4 {[%emt 0:00:39]} h6 {[%emt 0:02:26]} 20. Bd2 {[%emt 0:03:26]} Nb6 {[%emt 0:01:47]} 21. Nb2 {[%emt 0:01:00]} Bd5 {[%emt 0:00:21]} 22. f3 {[%emt 0:00:31]} Qd7 {[%emt 0:02:15]} 23. Rac1 {[%emt 0:10:38]} Be6 {[%emt 0:05:24]} 24. g4 {[%emt 0:01:39]} Qd6 {[%emt 0:00:16]} 25. Nd1 {[%emt 0:03:51]} Rad8 {[%emt 0:00:49]} 26. Nf2 {[%emt 0:00:23]} Na4 {[%emt 0:05:03]} 27. Qc2 {[%emt 0:06:11]} Nb6 {[%emt 0:01:35]} 28. Rcd1 {[%emt 0:03:07]} Qg3 {[%emt 0:13:26]} 29. Bc1 {[%emt 0:02:50]} Bd5 {[%emt 0:02:11]} 30. Nh1 {[%emt 0:00:40]} Qc7 {[%emt 0:00:26]} 31. Qf2 {[%emt 0:00:35]} Na4 {[%emt 0:02:25]} 32. Rde1 {[%emt 0:01:39]} Qd6 {[%emt 0:02:23]} 33. Ng3 {[%emt 0:00:26]} Be6 {[%emt 0:01:04]} 34. Rd1 {[%emt 0:01:29]} Nc3 {[%emt 0:01:08]} 35. Rd2 {[%emt 0:00:01]} Bc4 {[%emt 0:02:45]} 36. Re1 {[%emt 0:00:01]} Rxe1+ {[%emt 0:00:21]} 37. Qxe1 {[%emt 0:00:01]} Re8 {[%emt 0:00:49]} 38. Qf2 {[%emt 0:00:01]} Nfd5 {[%emt 0:01:19]} 39. Ne4 {[%emt 0:01:29]} Qg6 {[%emt 0:00:22]} 40. Bb2 {[%emt 0:00:00]} Nxe4 {[%emt 0:00:00]} 41. fxe4 {[%emt 0:02:32]} Rxe4 {[%emt 0:01:01]} 42. Bxe4 {[%emt 0:05:00]} Qxe4 {[%emt 0:00:03]} 43. Rd1 {[%emt 0:01:03]} Nf4 {[%emt 0:01:51]} 44. Kh2 {[%emt 0:00:10]} Nd3 {[%emt 0:00:23]} 45. Qd2 {[%emt 0:00:58]} Qf3 {[%emt 0:06:39]} 46. Rg1 {[%emt 0:03:00]} Bd5 {[%emt 0:00:57]} 47. Bc1 {[%emt 0:01:22]} Nxc1 {[%emt 0:10:25]} 48. Rxc1 {[%emt 0:00:01]} Qxa3 {[%emt 0:00:09]} 49. Qc3 {[%emt 0:00:53]} Qa2+ {[%emt 0:00:15]} 50. Qc2 {[%emt 0:00:05]} Qa3 {[%emt 0:00:13]} 51. Qc3 {[%emt 0:00:34]} Qa2+ {[%emt 0:03:52]} 52. Qc2 {[%emt 0:00:10]} Qa3 {[%emt 0:00:07]} 1/2-1/2

[Event "23rd Alekhine Master 2019"]
[Site "Voronezh"]
[Date "2019.06.12"]
[Round "1.11"]
[White "Kovalenko, Sergey"]
[Black "Puranik, Abhimanyu"]
[Result "0-1"]
[WhiteElo "2269"]
[BlackElo "2548"]
[Annotator "ChessBase"]
[PlyCount "76"]
[EventDate "2019.06.12"]
[EventType "swiss"]
[EventCountry "RUS"]
[SourceTitle "playchess.com"]
[Source "ChessBase"]
[SourceQuality "1"]
[TimeControl "40/5400+30:1800+30"]

1. d4 {[%emt 0:00:00]} Nf6 {[%emt 0:00:00]} 2. Nf3 {[%emt 0:00:00]} g6 {[%emt 0:00:00]} 3. Bf4 {[%emt 0:00:00]} Bg7 {[%emt 0:00:01]} 4. h3 {[%emt 0:00:00]} d6 {[%emt 0:00:30]} 5. e3 {[%emt 0:00:01]} O-O {[%emt 0:00:25]} 6. Bc4 {[%emt 0:00:10]} Nc6 {[%emt 0:01:18]} 7. O-O {[%emt 0:00:19]} Nd7 {[%emt 0:00:23]} 8. Bg5 {[%emt 0:00:29]} Qe8 {[%emt 0:00:48]} 9. Nc3 {[%emt 0:00:34]} Nb6 {[%emt 0:02:21]} 10. Be2 {[%emt 0:00:30]} h6 {[%emt 0:05:46]} 11. Bh4 {[%emt 0:00:16]} Bd7 {[%emt 0:07:19]} 12. a4 {[%emt 0:02:09]} a5 {[%emt 0:04:13]} 13. Nb5 {[%emt 0:08:58]} Rc8 {[%emt 0:02:01]} 14. c4 {[%emt 0:02:41]} Nb4 {[%emt 0:03:33]} 15. Rc1 {[%emt 0:04:34]} c6 {[%emt 0:14:18]} 16. Nc3 {[%emt 0:00:31]} Be6 {[%emt 0:00:30]} 17. b3 {[%emt 0:00:42]} f5 {[%emt 0:01:06]} 18. Qd2 {[%emt 0:05:37]} g5 {[%emt 0:03:16]} 19. Bg3 {[%emt 0:00:39]} Nd7 {[%emt 0:01:59]} 20. e4 {[%emt 0:03:20]} f4 {[%emt 0:04:31]} 21. Bh2 {[%emt 0:00:05]} Qg6 {[%emt 0:02:03]} 22. Rfe1 {[%emt 0:02:41]} Rcd8 {[%emt 0:03:23]} 23. Bf1 {[%emt 0:09:49]} Kh8 {[%emt 0:06:13]} 24. Kh1 {[%emt 0:00:38]} Bg8 {[%emt 0:01:27]} 25. Rcd1 {[%emt 0:03:29]} e5 {[%emt 0:05:08]} 26. Na2 {[%emt 0:01:59]} Nxa2 {[%emt 0:00:40]} 27. Qxa2 {[%emt 0:00:01]} h5 {[%emt 0:01:26]} 28. dxe5 {[%emt 0:01:18]} Nxe5 {[%emt 0:04:17]} 29. Nxe5 {[%emt 0:00:43]} Bxe5 {[%emt 0:00:38]} 30. f3 {[%emt 0:03:19]} g4 {[%emt 0:02:28]} 31. fxg4 {[%emt 0:16:52]} hxg4 {[%emt 0:00:07]} 32. hxg4 {[%emt 0:00:35]} Be6 {[%emt 0:02:34]} 33. Qf2 {[%emt 0:01:48]} Kg7 {[%emt 0:01:46]} 34. Rd3 {[%emt 0:06:20]} Rh8 {[%emt 0:00:48]} 35. Kg1 {[%emt 0:00:09]} Bxg4 {[%emt 0:06:07]} 36. Bxf4 {[%emt 0:03:53]} Qh5 {[%emt 0:00:44]} 37. Bxe5+ {[%emt 0:02:54]} dxe5 {[%emt 0:00:05]} 38. Qg3 {[%emt 0:00:14]} Rxd3 {[%emt 0:00:28]} 0-1

[Event "23rd Alekhine Master 2019"]
[Site "Voronezh"]
[Date "2019.06.12"]
[Round "1.12"]
[White "Svetushkin, Dmitry"]
[Black "Tsybikov, Tumen"]
[Result "1-0"]
[WhiteElo "2532"]
[BlackElo "2267"]
[Annotator "TA"]
[PlyCount "79"]
[EventDate "2019.06.12"]
[EventType "swiss"]
[EventCountry "RUS"]
[SourceTitle "playchess.com"]
[Source "ChessBase"]
[SourceQuality "1"]

{[%evp 9,79,22,20,23,28,22,23,13,31,25,23,0,0,0,10,0,0,0,10,0,13,0,0,0,-1,-12,9,12,27,19,31,34,40,41,30,25,33,30,27,6,20,12,15,10,67,93,111,110,105,93,89,89,147,136,134,143,141,136,124,135,172,170,164,158,748,748,731,725,708,694,739,739]} 1. e4 c5 2. Nf3 d6 3. Bb5+ Nd7 4. c3 Ngf6 5. Bd3 (5. Qe2 a6 6. Ba4 b5 7. Bc2 Bb7 8. d4 g6 9. O-O Bg7 10. e5 dxe5 11. dxe5 Bxf3 12. gxf3 Nd5 13. e6 N7f6 14. c4 bxc4 15. exf7+ Kxf7 {0-1 (31) Mamedov,R (2701)-Nepomniachtchi,I (2771) Astana 2019}) 5... a6 6. Bc2 {B51: Sicilian: Moscow Variation (3 Bb5+) without 3...Bd7} b5 7. d4 Bb7 8. Nbd2 {White has an edge.} e6 9. O-O Be7 10. b3 O-O 11. Bb2 Rc8 12. Re1 Qc7 $146 ({Predecessor:} 12... Rc7) 13. Rc1 Rfe8 14. Bb1 Nf8 {[%cal Bd7f8,Bf8g6,Bg6f4][%mdl 32]} 15. Nf1 Ng6 16. Ng3 Qb8 17. h4 Qa8 18. h5 Nf4 19. Nh2 cxd4 20. cxd4 Rxc1 21. Bxc1 e5 22. d5 Bc8 23. Qf3 Bd8 24. Rd1 h6 25. Bxf4 exf4 26. Qxf4 Bb6 (26... Qa7 $11) 27. Qxd6 $14 Qa7 {Strongly threatening ...Bc7.} 28. Qf4 {And now e5 would win.} Bd4 29. Qf3 Bd7 30. b4 Rc8 ({Black should play} 30... Be5) 31. Nf5 $16 Rc3 32. Bd3 ({Stronger than} 32. Rxd4 Rxf3 33. Nxf3 Bxf5 $15) 32... Be5 33. Ng4 Nxg4 34. Qxg4 Bxf5 35. Qxf5 Qc7 {Hoping for ...Rxd3!} 36. Bf1 Rc2 $2 {[#]} (36... Qe7 $16 37. g3 Qd6) 37. d6 $1 $18 {White is clearly winning.} Bxd6 {[#]} 38. e5 $1 {[%cal Re5d6][%mdl 512]} Bxe5 39. Rd7 {White threatens Qxf7+ and mate.} Bh2+ 40. Kh1 {Accuracy: White = 59%, Black = 47%.} 1-0

[Event "23rd Alekhine Master 2019"]
[Site "Voronezh"]
[Date "2019.06.12"]
[Round "1.13"]
[White "Ter-Saakian, Grigorii"]
[Black "Maiorov, Nikita"]
[Result "0-1"]
[WhiteElo "2262"]
[BlackElo "2527"]
[Annotator "RC"]
[PlyCount "73"]
[EventDate "2019.06.12"]
[EventType "swiss"]
[EventCountry "RUS"]
[SourceTitle "playchess.com"]
[Source "ChessBase"]
[SourceQuality "1"]
[TimeControl "40/5400+30:1800+30"]

1. e4 {[%emt 0:03:23]} e5 {[%emt 0:00:32]} 2. Nf3 {[%emt 0:00:08]} Nc6 {[%emt 0:00:04]} 3. Bb5 {[%emt 0:00:11]} a6 {[%emt 0:00:06]} 4. Ba4 {[%emt 0:00:05]} Nf6 {[%emt 0:00:06]} 5. O-O {[%emt 0:00:41]} Be7 {[%emt 0:00:21]} 6. d3 {[%emt 0:00:56]} b5 {[%emt 0:00:45]} 7. Bb3 {[%emt 0:00:01]} O-O {[%emt 0:00:05]} 8. Nc3 {[%emt 0:00:11]} d6 {[%emt 0:00:04]} 9. a3 {[%emt 0:00:07]} Rb8 {[%emt 0:02:06]} 10. Nd5 {[%emt 0:04:59]} Nxd5 {[%emt 0:00:59]} 11. Bxd5 {[%emt 0:00:13]} Bd7 {[%emt 0:00:13]} 12. c3 {[%emt 0:04:41]} Bf6 {[%emt 0:00:41]} 13. h3 {[%emt 0:02:59]} Ne7 {[%emt 0:00:10]} 14. Ba2 {[%emt 0:00:02]} c5 {[%emt 0:01:59]} 15. Re1 {[%emt 0:04:44]} Qc7 {[%emt 0:00:31]} 16. d4 {[%emt 0:02:17]} Nc8 17. Be3 {[%emt 0:04:14]} Nb6 {[%emt 0:07:06]} 18. Qe2 Rbe8 19. dxc5 {[%emt 0:12:22]} dxc5 {[%emt 0:04:43]} 20. Rad1 {[%emt 0:00:12]} Bc8 {[%emt 0:00:21]} 21. Bd5 Nxd5 {[%emt 0:11:52]} 22. Rxd5 {[%emt 0:07:43]} Be7 {[%emt 0:00:29]} 23. b4 {[%emt 0:04:08]} cxb4 {[%emt 0:03:56]} 24. cxb4 {[%emt 0:02:26]} Qc3 {[%emt 0:07:54]} 25. Rd3 {[%emt 0:06:09]} Qc6 {[%emt 0:02:18]} 26. Rd5 {[%emt 0:02:26]} Be6 {[%emt 0:02:42]} 27. Rxe5 {[%emt 0:05:15]} Qc3 {[%emt 0:03:09]} 28. Bd4 {[%emt 0:07:54]} Qxa3 {[%emt 0:00:48]} 29. Ra1 {[%emt 0:01:49]} Qxb4 {[%emt 0:03:03]} 30. Rxa6 {[%emt 0:00:01]} Bc4 {[%emt 0:01:59]} 31. Qd2 {[%emt 0:02:49]} Qb1+ {[%emt 0:07:44]} 32. Kh2 {[%emt 0:04:52]} f6 {[%emt 0:00:32]} 33. Rxe7 {[%emt 0:09:22]} Rxe7 {[%emt 0:00:06]} 34. e5 {[%emt 0:00:08]} Qf5 {[%emt 0:09:30]} 35. Bc5 {[%emt 0:06:27]} Rd7 {[%emt 0:01:08]} 36. Qe3 {[%emt 0:00:17]} Rd3 {[%emt 0:02:56]} 37. Qe1 {[%emt 0:00:12]} 0-1

[Event "23rd Alekhine Master 2019"]
[Site "Voronezh"]
[Date "2019.06.12"]
[Round "1.14"]
[White "Shariyazdanov, Andrey"]
[Black "Khubukshanov, Erdem"]
[Result "1-0"]
[WhiteElo "2526"]
[BlackElo "2260"]
[Annotator "ChessBase"]
[PlyCount "85"]
[EventDate "2019.06.12"]
[EventType "swiss"]
[EventCountry "RUS"]
[SourceTitle "playchess.com"]
[Source "ChessBase"]
[SourceQuality "1"]
[TimeControl "40/5400+30:1800+30"]

1. c4 {[%emt 0:00:00]} e6 {[%emt 0:00:00]} 2. Nf3 {[%emt 0:01:46]} d5 {[%emt 0:00:40]} 3. e3 {[%emt 0:01:08]} Nf6 {[%emt 0:00:35]} 4. b3 {[%emt 0:00:12]} b6 {[%emt 0:00:26]} 5. cxd5 {[%emt 0:00:39]} exd5 {[%emt 0:00:12]} 6. Bb2 {[%emt 0:00:13]} Bb7 {[%emt 0:00:30]} 7. Be2 {[%emt 0:02:17]} Nbd7 {[%emt 0:00:44]} 8. Qc2 {[%emt 0:01:16]} Bd6 {[%emt 0:01:08]} 9. d3 {[%emt 0:03:54]} O-O {[%emt 0:02:55]} 10. Nbd2 {[%emt 0:00:41]} Re8 {[%emt 0:01:41]} 11. O-O {[%emt 0:01:23]} c5 {[%emt 0:01:50]} 12. Rfe1 {[%emt 0:00:29]} Qe7 {[%emt 0:01:39]} 13. Nf1 {[%emt 0:01:50]} h6 {[%emt 0:06:39]} 14. Rad1 {[%emt 0:07:20]} Rad8 {[%emt 0:03:15]} 15. Ng3 {[%emt 0:00:51]} Qe6 {[%emt 0:07:21]} 16. d4 {[%emt 0:14:11]} Rc8 {[%emt 0:06:36]} 17. dxc5 {[%emt 0:01:34]} bxc5 {[%emt 0:04:57]} 18. Bd3 {[%emt 0:01:02]} Bxg3 {[%emt 0:14:58]} 19. hxg3 {[%emt 0:00:30]} Ne4 {[%emt 0:06:26]} 20. Nd2 {[%emt 0:03:30]} f5 {[%emt 0:04:36]} 21. g4 {[%emt 0:09:09]} g6 {[%emt 0:15:30]} 22. gxf5 {[%emt 0:02:00]} gxf5 {[%emt 0:00:07]} 23. f3 {[%emt 0:06:37]} Nd6 {[%emt 0:01:23]} 24. Bf1 {[%emt 0:04:38]} Ne5 {[%emt 0:02:05]} 25. Kf2 {[%emt 0:04:58]} Kf7 {[%emt 0:03:45]} 26. Qc3 {[%emt 0:11:43]} Qf6 {[%emt 0:02:34]} 27. Be2 {[%emt 0:02:00]} Qh4+ {[%emt 0:08:14]} 28. Kg1 {[%emt 0:00:45]} Rg8 {[%emt 0:00:45]} 29. Bf1 {[%emt 0:00:26]} Rge8 {[%emt 0:01:12]} 30. Qa5 {[%emt 0:08:40]} Qg3 {[%emt 0:01:36]} 31. Bxe5 {[%emt 0:01:01]} Rxe5 {[%emt 0:00:18]} 32. Nc4 {[%emt 0:02:18]} Nxc4 {[%emt 0:00:43]} 33. bxc4 {[%emt 0:00:05]} f4 {[%emt 0:00:37]} 34. exf4 {[%emt 0:01:03]} Qxf4 {[%emt 0:00:24]} 35. cxd5 {[%emt 0:00:31]} Rxd5 {[%emt 0:00:32]} 36. Qxa7 {[%emt 0:02:04]} Rc7 {[%emt 0:00:19]} 37. Qb8 {[%emt 0:01:20]} Rxd1 {[%emt 0:00:34]} 38. Qe8+ {[%emt 0:00:55]} Kg7 {[%emt 0:00:11]} 39. Rxd1 {[%emt 0:00:12]} Bc6 {[%emt 0:00:52]} 40. Qe6 {[%emt 0:00:00]} Ba4 {[%emt 0:00:00]} 41. Rd8 {[%emt 0:03:32]} Rf7 {[%emt 0:09:06]} 42. Bc4 {[%emt 0:00:56]} Rf8 {[%emt 0:01:04]} 43. Qe7+ {[%emt 0:00:34]} 1-0

[Event "23rd Alekhine Master 2019"]
[Site "Voronezh"]
[Date "2019.06.13"]
[Round "2.1"]
[White "Omelja, Artem"]
[Black "Tsydypov, Zhamsaran"]
[Result "1/2-1/2"]
[WhiteElo "2451"]
[BlackElo "2573"]
[Annotator "ChessBase"]
[PlyCount "84"]
[EventDate "2019.06.12"]
[EventType "swiss"]
[EventCountry "RUS"]
[SourceTitle "playchess.com"]
[Source "ChessBase"]
[SourceQuality "1"]
[TimeControl "40/5400+30:1800+30"]

1. d4 {[%emt 0:04:56]} f5 {[%emt 0:00:09]} 2. g3 {[%emt 0:00:23]} Nf6 {[%emt 0:00:26]} 3. Bg2 {[%emt 0:00:11]} g6 {[%emt 0:00:30]} 4. b3 {[%emt 0:00:08]} Bg7 {[%emt 0:00:24]} 5. Bb2 {[%emt 0:00:15]} O-O {[%emt 0:02:34]} 6. Nf3 {[%emt 0:00:11]} d6 {[%emt 0:01:10]} 7. O-O {[%emt 0:00:15]} c6 {[%emt 0:01:26]} 8. c4 {[%emt 0:00:34]} Na6 {[%emt 0:00:36]} 9. Nbd2 {[%emt 0:04:04]} Nc7 {[%emt 0:01:47]} 10. Qc2 {[%emt 0:04:51]} Kh8 {[%emt 0:02:02]} 11. e4 {[%emt 0:04:13]} fxe4 {[%emt 0:00:49]} 12. Nxe4 {[%emt 0:00:09]} Nxe4 {[%emt 0:03:47]} 13. Qxe4 {[%emt 0:00:10]} Bf5 14. Qe3 {[%emt 0:01:10]} Qd7 {[%emt 0:00:44]} 15. Rae1 {[%emt 0:02:25]} Rae8 {[%emt 0:00:37]} 16. Bc3 {[%emt 0:01:01]} b5 {[%emt 0:06:44]} 17. Nd2 {[%emt 0:02:33]} a6 {[%emt 0:05:13]} 18. f4 {[%emt 0:07:23]} Be6 {[%emt 0:03:48]} 19. Rc1 {[%emt 0:04:33]} bxc4 {[%emt 0:06:30]} 20. bxc4 {[%emt 0:00:55]} d5 {[%emt 0:06:23]} 21. Ba1 {[%emt 0:03:43]} dxc4 {[%emt 0:07:37]} 22. Nxc4 {[%emt 0:00:09]} Bd5 {[%emt 0:01:28]} 23. Rfe1 {[%emt 0:03:34]} e6 {[%emt 0:02:17]} 24. Bb2 {[%emt 0:03:03]} Rb8 {[%emt 0:03:39]} 25. Ba3 {[%emt 0:00:50]} Bxg2 {[%emt 0:06:13]} 26. Kxg2 {[%emt 0:00:07]} Bxd4 {[%emt 0:00:39]} 27. Qe4 {[%emt 0:01:23]} Rf5 {[%emt 0:03:35]} 28. Bd6 {[%emt 0:03:09]} c5 {[%emt 0:01:58]} 29. Bxc7 {[%emt 0:04:11]} Qxc7 {[%emt 0:00:05]} 30. Qxe6 {[%emt 0:00:10]} Rf6 {[%emt 0:07:07]} 31. Qd5 {[%emt 0:01:08]} Rd8 {[%emt 0:00:31]} 32. Qe4 {[%emt 0:00:16]} g5 {[%emt 0:01:29]} 33. f5 {[%emt 0:02:33]} g4 {[%emt 0:00:57]} 34. Qxg4 {[%emt 0:03:32]} Rdf8 {[%emt 0:05:01]} 35. Rf1 {[%emt 0:01:25]} Qd7 {[%emt 0:01:06]} 36. Qe4 {[%emt 0:02:09]} Rxf5 {[%emt 0:01:36]} 37. Rxf5 {[%emt 0:00:21]} Rxf5 {[%emt 0:00:17]} 38. Rc2 {[%emt 0:02:44]} Rf8 {[%emt 0:00:21]} 39. Ne5 {[%emt 0:04:00]} Qe6 {[%emt 0:04:53]} 40. Re2 {[%emt 0:00:00]} Qxe5 {[%emt 0:00:00]} 41. Qxe5+ {[%emt 0:01:07]} Bxe5 {[%emt 0:00:13]} 42. Rxe5 {[%emt 0:00:06]} Rd8 {[%emt 0:01:14]} 1/2-1/2

[Event "23rd Alekhine Master 2019"]
[Site "Voronezh"]
[Date "2019.06.13"]
[Round "2.2"]
[White "Rozum, Ivan"]
[Black "Harutjunyan, Gevorg"]
[Result "1-0"]
[WhiteElo "2572"]
[BlackElo "2446"]
[Annotator "TA"]
[PlyCount "111"]
[EventDate "2019.06.12"]
[EventType "swiss"]
[EventCountry "RUS"]
[SourceTitle "playchess.com"]
[Source "ChessBase"]
[SourceQuality "1"]

{[%evp 15,111,12,25,22,30,16,50,40,41,35,50,34,40,40,49,41,69,60,78,60,64,47,50,40,39,28,38,23,35,0,0,7,0,-24,35,22,32,25,32,22,22,26,27,22,22,29,22,29,22,0,23,15,21,18,24,0,87,87,72,75,90,72,67,30,111,85,85,79,132,145,202,211,379,405,362,292,718,718,689,658,1080,1052,1237,1222,6598,6127,5261,3299,5481,4170,29982,29983,29984,29985,29984,29986,29986,29986]} 1. d4 Nf6 2. Nf3 e6 3. c4 b6 4. g3 Bb7 5. Bg2 Be7 6. O-O O-O 7. Nc3 Ne4 8. Bd2 Bf6 9. Be1 {E18: Queen's Indian: Old Main Line (4 g3 Bb7 5 Bg2 Be7 6 0-0 0-0 7 Nc3)} Nxc3 10. Bxc3 d6 11. Qc2 {Hoping for Ng5!White is slightly better.} Qc8 $146 ({Predecessor:} 11... c6 12. e4 Nd7 13. e5 Be7 14. exd6 Bxd6 15. Rad1 Qc7 16. Ng5 g6 {1-0 (47) Gunina,V (2518)-Bologan,V (2654) Almaty 2016}) 12. e4 Nd7 13. Rad1 a5 14. Rfe1 Rd8 15. b3 g6 16. h4 Bg7 17. Bh3 Rf8 18. Nh2 Qd8 19. d5 e5 20. f4 exf4 21. gxf4 Nf6 22. Bg2 Nh5 23. Bxg7 Kxg7 24. Qc3+ Qf6 (24... Kg8 $11) 25. Qxf6+ Kxf6 26. e5+ Kg7 27. Rd4 a4 28. b4 a3 29. Bh3 Ra4 30. Rb1 $1 Bc8 31. Bxc8 Rxc8 32. Nf3 Kf8 33. Kf2 Ng7 34. Rd3 Nf5 35. Ng5 Kg7 {[#]} (35... h5 $11) 36. h5 $1 $16 h6 37. Ne4 Re8 38. Nc3 Raa8 39. Re1 Re7 (39... gxh5 $11 {remains equal.} 40. Rh3 h4) 40. Nb5 (40. Kf3 {keeps more tension.} Kf8 41. hxg6 fxg6 42. e6 h5 43. Nb5) 40... gxh5 41. Rxa3 ({Don't play} 41. Nxa3 $6 h4 $15) 41... Rxa3 (41... Rae8 $142) 42. Nxa3 {[%mdl 4096] Endgame KRN-KRN} h4 (42... dxe5 $16 43. fxe5 Kf8) 43. Nb5 $18 h3 $2 (43... Rd7 {was called for.} 44. a4 dxe5) 44. a4 dxe5 45. fxe5 Kh7 $2 (45... h2) 46. a5 bxa5 47. bxa5 f6 48. a6 {[%cal Ba5a6,Ba6a7][%mdl 32]} Rg7 49. Rg1 h2 50. Rxg7+ Kxg7 {KN-KN} 51. Kg2 Ne3+ 52. Kxh2 Nxc4 53. a7 {White mates.} Nb6 54. Nxc7 fxe5 55. d6 Kf7 {[#]} 56. Nd5 {Played: d6-d7} 1-0

[Event "23rd Alekhine Master 2019"]
[Site "Voronezh"]
[Date "2019.06.13"]
[Round "2.3"]
[White "Ulko, Jaroslav"]
[Black "Shaposhnikov, Evgeny"]
[Result "1/2-1/2"]
[WhiteElo "2438"]
[BlackElo "2572"]
[Annotator "ChessBase"]
[PlyCount "81"]
[EventDate "2019.06.12"]
[EventType "swiss"]
[EventCountry "RUS"]
[SourceTitle "playchess.com"]
[Source "ChessBase"]
[SourceQuality "1"]
[TimeControl "40/5400+30:1800+30"]

1. Nf3 {[%emt 0:00:00]} c5 {[%emt 0:00:00]} 2. e4 {[%emt 0:00:00]} e6 {[%emt 0:00:57]} 3. d3 {[%emt 0:00:02]} Nc6 {[%emt 0:00:58]} 4. g3 {[%emt 0:00:09]} d5 {[%emt 0:00:27]} 5. Qe2 {[%emt 0:01:01]} Nf6 {[%emt 0:01:10]} 6. Bg2 {[%emt 0:00:09]} g6 {[%emt 0:03:54]} 7. O-O {[%emt 0:00:24]} Bg7 {[%emt 0:00:08]} 8. Bg5 {[%emt 0:03:15]} dxe4 {[%emt 0:05:25]} 9. dxe4 {[%emt 0:02:20]} h6 {[%emt 0:00:14]} 10. Rd1 {[%emt 0:13:34]} Qe7 {[%emt 0:02:08]} 11. Bxf6 {[%emt 0:14:50]} Qxf6 {[%emt 0:00:14]} 12. c3 {[%emt 0:00:04]} O-O {[%emt 0:01:30]} 13. Nbd2 {[%emt 0:00:09]} b6 {[%emt 0:07:30]} 14. Nf1 {[%emt 0:03:04]} Qe7 {[%emt 0:01:55]} 15. N3d2 {[%emt 0:12:54]} Rd8 {[%emt 0:23:52]} 16. e5 {[%emt 0:07:30]} Bb7 {[%emt 0:00:37]} 17. f4 {[%emt 0:00:07]} Qc7 {[%emt 0:03:28]} 18. Ne4 {[%emt 0:06:22]} Ne7 {[%emt 0:00:26]} 19. Nd6 {[%emt 0:09:49]} Bxg2 {[%emt 0:01:28]} 20. Qxg2 {[%emt 0:00:05]} Nf5 {[%emt 0:08:44]} 21. Nxf5 {[%emt 0:08:56]} gxf5 {[%emt 0:00:50]} 22. Qf3 {[%emt 0:02:59]} c4 {[%emt 0:03:39]} 23. Kg2 {[%emt 0:01:03]} Rac8 {[%emt 0:01:39]} 24. Rxd8+ {[%emt 0:01:42]} Rxd8 {[%emt 0:00:12]} 25. Rd1 {[%emt 0:00:06]} Rxd1 {[%emt 0:03:12]} 26. Qxd1 {[%emt 0:00:03]} Qc6+ {[%emt 0:00:32]} 27. Qf3 {[%emt 0:00:35]} Qa4 {[%emt 0:00:53]} 28. a3 {[%emt 0:00:10]} Qc2+ {[%emt 0:00:16]} 29. Qf2 {[%emt 0:00:12]} Qb1 {[%emt 0:04:40]} 30. Qe2 {[%emt 0:01:28]} Bf8 {[%emt 0:01:21]} 31. g4 {[%emt 0:07:40]} Bc5 {[%emt 0:02:10]} 32. Ng3 {[%emt 0:00:18]} fxg4 {[%emt 0:03:10]} 33. Qxg4+ {[%emt 0:00:03]} Kf8 {[%emt 0:00:15]} 34. Qe2 {[%emt 0:01:06]} Ke7 {[%emt 0:03:28]} 35. Ne4 {[%emt 0:03:39]} Qg1+ {[%emt 0:00:42]} 36. Kf3 {[%emt 0:00:14]} Qh1+ {[%emt 0:06:10]} 37. Kg4 {[%emt 0:00:31]} Qg1+ {[%emt 0:01:44]} 38. Kf3 {[%emt 0:00:10]} Qh1+ {[%emt 0:01:02]} 39. Kg4 {[%emt 0:00:06]} Qg1+ {[%emt 0:00:06]} 40. Kf3 {[%emt 0:00:00]} Qh1+ {[%emt 0:00:00]} 41. Kg4 {[%emt 0:00:11]} 1/2-1/2

[Event "23rd Alekhine Master 2019"]
[Site "Voronezh"]
[Date "2019.06.13"]
[Round "2.4"]
[White "Savchenko, Boris"]
[Black "Yeletsky, Ivan"]
[Result "0-1"]
[WhiteElo "2567"]
[BlackElo "2438"]
[Annotator "ChessBase"]
[PlyCount "34"]
[EventDate "2019.06.12"]
[EventType "swiss"]
[EventCountry "RUS"]
[SourceTitle "playchess.com"]
[Source "ChessBase"]
[SourceQuality "1"]
[TimeControl "40/5400+30:1800+30"]

1. e4 {[%emt 0:23:08]} c5 {[%emt 0:00:00]} 2. b4 {[%emt 0:00:15]} cxb4 {[%emt 0:00:32]} 3. a3 {[%emt 0:00:06]} bxa3 {[%emt 0:04:54]} 4. d4 {[%emt 0:08:28]} d6 {[%emt 0:01:54]} 5. f4 {[%emt 0:08:59]} g6 {[%emt 0:04:40]} 6. Nf3 {[%emt 0:02:44]} Bg7 {[%emt 0:03:24]} 7. h3 {[%emt 0:04:33]} Nc6 {[%emt 0:04:06]} 8. Nc3 {[%emt 0:11:24]} Nf6 {[%emt 0:18:06]} 9. e5 {[%emt 0:05:48]} dxe5 {[%emt 0:00:12]} 10. fxe5 {[%emt 0:00:08]} Nd5 {[%emt 0:00:09]} 11. Nxd5 {[%emt 0:07:25]} Qxd5 {[%emt 0:02:53]} 12. c4 {[%emt 0:00:15]} Qa5+ {[%emt 0:12:07]} 13. Bd2 {[%emt 0:03:42]} Qb6 {[%emt 0:01:20]} 14. c5 {[%emt 0:15:02]} Qb2 {[%emt 0:04:20]} 15. Rb1 {[%emt 0:00:10]} Bf5 {[%emt 0:00:15]} 16. Rxb2 {[%emt 0:01:05]} axb2 {[%emt 0:00:11]} 17. Bh6 {[%emt 0:00:19]} b1=Q {[%emt 0:04:03]} 0-1